[Event "Titled Tuesday intern op 11th Jan"]
[Site "Chess.com INT"]
[Date "2022.01.11"]
[Round "5"]
[White "Onischuk, Vladimir"]
[Black "Arabidze, Meri"]
[Result "1-0"]
[WhiteElo "2612"]
[BlackElo "2432"]
[PlyCount "107"]
[EventDate "2022.01.11"]
[EventType "swiss (blitz)"]
[EventRounds "11"]
[EventCountry "USA"]
[SourceTitle "CBM 206 Extra"]
[Source "ChessBase"]
[SourceDate "2022.03.31"]
[SourceVersion "1"]
[SourceVersionDate "2022.03.31"]
[SourceQuality "1"]

1. g3 d5 2. Bg2 Nf6 3. d3 e6 4. Nd2 c5 5. b3 Nc6 6. Bb2 Be7 7. e3 0-0 8. Ne2 b5 9. 0-0 Bb7 10. h3 a5 11. a4 b4 12. g4 Nd7 13. Rb1 Bf6 14. Bc1 Nb6 15. f4 g6 16. e4 c4 17. e5 Bg7 18. dxc4 dxc4 19. Ne4 cxb3 20. cxb3 Qxd1 21. Rxd1 Ba6 22. N2g3 Nd5 23. Nd6 Nc3 24. Bxc6 Nxd1 25. Bxa8 Rxa8 26. Bd2 Nc3 27. Bxc3 bxc3 28. Nge4 Bd3 29. Rc1 Bxe4 30. Nxe4 Rb8 31. Rxc3 Rb4 32. Nf6+ Bxf6 33. exf6 h6 34. Rc8+ Kh7 35. Rf8 g5 36. f5 exf5 37. gxf5 Rb7 38. Kg2 h5 39. Kf2 Rc7 40. Kf3 Rb7 41. Ke4 Rb4+ 42. Ke5 Rb7 43. Kd5 g4 44. hxg4 hxg4 45. Ke4 Kh6 46. Rg8 Rxb3 47. Kf4 Rb4+ 48. Kg3 Rxa4 49. Kh4 g3+ 50. Kxg3 Rb4 51. Rg7 Rb7 52. Rg4 Ra7 53. Kf4 a4 54. Rh4# 1-0